| 000 | 00000cas 2200000za 4500 |
| 001 | 9.500656 |
| 003 | CaOODSP |
| 005 | 20260508093511 |
| 007 | cr ||||||||||| |
| 008 | 150406c19969999oncdn p o f0 b0fre| |
| 040 | |aCaOODSP|bfre |
| 041 | |aeng|afre |
| 043 | |an-cn--- |
| 086 | 1 |aY5-PDF |
| 110 | 1 |aCanada. |bParlement. |bSénat. |
| 245 | 10|aOrder paper and notice paper |h[ressource électronique] = |bFeuilleton et feuilleton des avis. |
| 246 | 11|aFeuilleton et feuilleton des avis |
| 260 | |a[Ottawa] : |bSénat. |
| 310 | |aQuotidien (durant la session). |
| 546 | |aTexte en anglais et en français. |
| 691 | 07|aProcédure parlementaire|2gcpds |
| 691 | 07|aSénat|2gcpds |
| 776 | 0#|tOrder paper and notice paper |w(CaOODSP)9.512284 |
| 788 | |tOrder paper and notice paper |eeng|w(CaOODSP)9.500655 |